| 000 | 00910nam a22002177a 4500 | ||
|---|---|---|---|
| 999 |
_c12122 _d12122 |
||
| 003 | AR-CdUCM | ||
| 008 | 190405b ||||| |||| 00| 0 spa d | ||
| 040 |
_aMUNICIPALIDAD PROVINCIAL DEL CUSCO _cBIBLIOTECA MUNICIPAL DEL CUSCO |
||
| 082 |
_a346 / _bC73 / 1929 |
||
| 110 |
_aComisión reformadora del código civil peruano _929812 |
||
| 245 | _aActas de las sesiones de la comisión reformadora del código civil peruano / | ||
| 260 |
_aLima : _bLa editorial, _c1929. |
||
| 300 |
_a299 páginas ; _c21 cm. |
||
| 440 |
_aSéptimo fasciculo sesiones _n183a a 261a _929813 |
||
| 505 | _aContenido : Séptimo fasciculo 183 sesión del viernes 7 de enero de 1929 -- Juan José Calle -- 186 sesión del viernes 28 de enero de 1927 -- De los actos ilícitos ... | ||
| 650 |
_aSesiones _910208 |
||
| 650 |
_aCódigo civil _928051 |
||
| 650 |
_aPeruano _927311 |
||
| 942 |
_2ddc _cLIBROS |
||
| 945 |
_arah _d05/04/2019 |
||